Darts-Spieler mit Hinweisen - Statistiken

Allgemein
  • Dieses Quiz wurde 804 mal gespielt
  • Das Durchschnittsergebnis liegt bei 8 aus 10
Antwortstatistiken
Hinweis Spieler % Korrekt
The Flying Scotsman Gary Anderson
93%
Früherer Rugby-Spieler Gerwyn Price
92%
Erster deutscher Spieler, der das Achtelfinale der PDC-Darts-WM erreicht hat Gabriel Clemens
91%
Hat Phil Taylor in seinem letzten Spiel geschlagen Rob Cross
88%
Erster deutscher Spieler, der ein Spiel bei der Premier League bestritt Max Hopp
86%
Erzielte erstmals zwei Nine-Darter in einem aufgezeichnetem TV-Match Phil Taylor
84%
Höchster aufgezeichneter TV-Average Michael Van Gerwen
80%
Hat die meisten Major-Titel gewonnen ohne Weltmeister zu werden James Wade
77%
Hat 3 Monate auf der Farm von Peter Wright gelebt (er selbst ist nicht gemeint) Dimitri Van den Bergh
69%
Einziger Spieler, der bei der Premier League mit 9 Niederlagen in der Judgement Night ausgeschieden ist Glen Durrant
48%
Keine übereinstimmenden Quizze gefunden
Verteilung der Resultate
Anzahl Personen mit jedem Resultat
Perzentil nach korrekt beantworteten Fragen
Ihre Resultats-Entwicklung
Sie haben dieses Quiz noch nicht gespielt